000 00332nam a22001337a 4500
020 _a978007066022
082 _222
_a302.2244
100 _aKoneru, Aruna.
245 _aProfessional communication /
250 _aNA
260 _aNew Delhi,
_bTata McGrew Hall,
_cc2009.
300 _axx,500 p. ;
_bill. ;
_c24 cm.
942 _2ddc
_cGEN
_02
999 _c1596
_d1596